Florence + The Machine Songs - Statistics

General Stats
  • This quiz has been taken 151 times
    22 since last reset
  • The average score is 44 of 93
Answer Stats
Song % Correct
Dog Days Are Over
92%
Shake It Out
85%
Cosmic Love
77%
Howl
77%
Rabbit Heart (Raise It Up)
77%
Big God
69%
Buckle
69%
Everybody Scream
69%
Free
69%
How Big, How Blue, How Beautiful
69%
Kiss With A Fist
69%
Never Let Me Go
69%
Ship To Wreck
69%
You've Got The Love
69%
Choreomania
62%
Daffodil
62%
Delilah
62%
Girl With One Eye
62%
Hunger
62%
King
62%
Seven Devils
62%
Spectrum
62%
What The Water Gave Me
62%
Which Witch
62%
And Love
54%
Blinding
54%
Dream Girl Evil
54%
Drumming Song
54%
Girls Against God
54%
Hurricane Drunk
54%
Mermaids
54%
My Boy Builds Coffins
54%
My Love
54%
One Of The Greats
54%
Queen Of Peace
54%
St. Jude
54%
The Old Religion
54%
What Kind Of Man
54%
Witch Dance
54%
Between Two Lungs
46%
Breaking Down
46%
Cassandra
46%
Drink Deep
46%
Falling
46%
Grace
46%
Hardest Of Hearts
46%
I'm Not Calling You A Liar
46%
June
46%
Kraken
46%
Lover To Lover
46%
Make Up Your Mind
46%
Music By Men
46%
No Light, No Light
46%
Perfume and Milk
46%
Swimming
46%
Sympathy Magic
46%
Third Eye
46%
Wish That You Were Here
46%
Bird Song
38%
Caught
38%
Hiding
38%
Mother
38%
Only If For A Night
38%
Patricia
38%
South London Forever
38%
Various Storms & Saints
38%
100 Years
31%
All This And Heaven Too
31%
Back In Town
31%
Bedroom Hymns
31%
Breath Of Life
31%
Heartlines
31%
Heaven Is Here
31%
Heavy In Your Arms
31%
Leave My Body
31%
Long & Lost
31%
Morning Elvis
31%
Remain Nameless
31%
Restraint
31%
Strangeness And Charm
31%
The End Of Love
31%
You Can Have It All
31%
Are You Hurting The One You Love?
23%
Haunted House
23%
Light Of Love
23%
Moderation
23%
No Choir
23%
Prayer Factory
23%
Sky Full Of Song
23%
The Bomb
23%
Too Much Is Never Enough
23%
I Will Be
15%
Jenny Of Oldstones
15%
No matching quizzes found
Score Distribution
Percent of People with Each Score
Percentile by Number Answered
Your Score History
You have not taken this quiz since the last reset